000 00668nam a2200205Ia 4500
005 20260121110107.0
008 008 260114s9999 xx 000 0 hin d
020 _a9788132357988
037 _aEBOOK
040 _aCRL
_bhin
_cCRL
041 _ahin
_2hin
084 _qCRL
100 _aअफजल खान / Afzal Khan
_9941965
245 0 _aजी. एस. टी. संरचना एवं प्रबंधन / GST Sanrachna Aur Prabandhan
260 _bभाषा प्रकाशन / Bhasha Prakashan
_c2021
856 _uhttps://bhashaprakashan.com/product-details/378939
942 _cEBOOK
999 _c1533630
_d1533630